• 首页
  • 本馆介绍
  • 公告通知
  • 最新文献
  • 馆藏检索
  • 电子资源
  • 读者导购
  • 参考咨询
  • 我的图书馆
  • 登录
  • 详细信息显示
  • 放入我的书架
  • 预约/预借图书
  • 作者相关作品
  • 分类相关作品
  • 丛书相关作品
  • 出版社相关作品

书目信息

  • 表格格式
  • 工作单格式
  • 卡片格式
题名:
真实性评价
    
 
作者: DianeHart 著 ;国家基础教育课程改革“促进教师发展与学生成长的评价研究”项目组 译
分册:  
出版信息: 北京   中国轻工业出版社  2004
页数: 17,183页
开本: 21cm
丛书名: 新课程与教育评价改革译丛
单 册:
中图分类: G420
科图分类:
主题词: 教学研究与改革--美国
电子资源:
ISBN: 7-5019-4255-2
000 01284oam2 2200277 45
001 060000005914
005 20051229145941.20
010    @a7-5019-4255-2@dCNY12.00
092    @aCN
100    @a20040818d2004 ekmy0chiy0120 ea
101 1  @achi@ceng
102    @aCN@b110000
105    @ay z 000yy
200 1  @a真实性评价@Azhen shi xing ping jia@e教师指导手册@f(美)Diane Hart著@F(Mei)Diane Hart Zhu@g国家基础教育课程改革“促进教师发展与学生成长的评价研究”项目组译
210    @a北京@c中国轻工业出版社@d2004
215    @a17,183页@d21cm
225 2  @a新课程与教育评价改革译丛@f董奇主编
300    @a国家基础教育课程改革重点项目“促进教师发展与学生成长的评价研究”
330    @a本书提供了教育评价发展概览,从测验的历史讲述至提高教学质量的实用评价方法。书中探讨了如何确定评价时间、如何安排特殊的评价以达到特定的要求、如何对学生的表现进行评分及评价等一系列教师普遍关注的问题。
410    @12001 @a新课程与教育评价改革译丛
606 0  @a教学研究与改革@y美国
690    @aG420@v4
701  0 @aDianeHart@4著
712 02 @a国家基础教育课程改革“促进教师发展与学生成长的评价研究”项目组@Aguo jia ji chu jiao yu ke cheng gai ge“ cu jin jiao shi fa zhan yu xue sheng cheng zhang de ping jia yan jiu” xiang mu zu@4译
801  0 @aCN@bCXYBOOK@c20051229
905    @a10447@dG420@e101
    
    真实性评价:教师指导手册/(美)Diane Hart著/国家基础教育课程改革“促进教师发展与学生成长的评价研究”项目组译.-北京:中国轻工业出版社,2004
    17,183页;21cm.-(新课程与教育评价改革译丛/董奇主编)
    国家基础教育课程改革重点项目“促进教师发展与学生成长的评价研究”
    
    ISBN 7-5019-4255-2:CNY12.00
    本书提供了教育评价发展概览,从测验的历史讲述至提高教学质量的实用评价方法。书中探讨了如何确定评价时间、如何安排特殊的评价以达到特定的要求、如何对学生的表现进行评分及评价等一系列教师普遍关注的问题。
●
相关链接 在E读中查询图书 在五车中查询图书 在当当中查询图书 在豆瓣中查询图书


正题名:真实性评价     索取号:G420/101         预约/预借

序号 登录号 条形码 馆藏地/架位号 状态 备注
1 0354783   3547834   第一样本阅览室/ [索取号:G420/101] 在馆    
2 0354784   3547843   第四借阅区/ [索取号:G420/101] 在馆    
3 0354785   3547852   密集书库/ [索取号:G420/101] 在馆    
4 0354786   3547861   密集书库/ [索取号:G420/101] 在馆    
5 0354787   3547870   密集书库/ [索取号:G420/101] 在馆    
6 0371401   203714016   第四借阅区/ [索取号:G420/101] 在馆    
7 0371402   203714025   密集书库/ [索取号:G420/101] 在馆    
8 0371403   203714034   密集书库/ [索取号:G420/101] 在馆    
9 0373110   203731104   密集书库/ [索取号:G420/101] 在馆    
10 0373111   203731113   密集书库/ [索取号:G420/101] 在馆    
11 0373112   203731122   第四借阅区/ [索取号:G420/101] 在馆    
12 0373113   203731131   密集书库/ [索取号:G420/101] 在馆    
13 0373114   203731140   第四借阅区/ [索取号:G420/101] 在馆    
唐山师范学院图书馆 欢迎您!
大连网信软件有限公司© 版权所有